|
|
|
|
| LEADER |
00689cam a2200181ua 4500 |
| 020 |
|
|
|a 81-203-0948-0
|
| 082 |
|
|
|a 537.622
|b SHU/P
|
| 100 |
0 |
|
|a Shur, Michael
|
| 245 |
1 |
0 |
|a Physics of semiconductor devices
|
| 260 |
|
|
|a New Delhi
|b Prentice Hall of India
|c 1990
|
| 300 |
|
|
|a xxiv, 680p.
|
| 500 |
|
|
|a Includes index.
|
| 650 |
|
|
|a Semiconductors
|
| 650 |
0 |
|
|a Physics
|
| 942 |
|
|
|c BK
|
| 999 |
|
|
|c 9358
|d 9358
|
| 952 |
|
|
|0 0
|1 0
|4 0
|6 537_622000000000000_SHUP
|7 0
|8 Stack
|9 9758
|a KUCL
|b KUCL
|c Stack
|d 2014-05-23
|g 325.00
|l 0
|o 537.622 SHU/P
|p 02692
|r 2014-05-23
|y BK
|
| 952 |
|
|
|0 0
|1 0
|4 0
|6 537_622000000000000_SHUP
|7 0
|8 Stack
|9 46285
|a KUCL
|b KUCL
|c Stack
|d 2016-11-04
|g 325.00
|l 0
|o 537.622 SHU/P
|p 43917
|r 2016-11-04
|w 2016-11-04
|y BK
|